| 000 | 00760nam a2200229 i 4500 | ||
|---|---|---|---|
| 001 | bg | ||
| 100 | 1 | _aWISZNIOWSKI, Robert | |
| 245 | 1 | 0 |
_aMarketing wyborczy : _bstudium kampanii wyborczych w systemach prezydenckich i semiprezydenckich (Finlandia, Francja, Polska, Stany Zjednoczone) / _cRobert Wiszniowski. |
| 260 |
_aWarszawa ; _aWrocław : _bWydaw. Naukowe PWN, _c2000. |
||
| 300 |
_a228 s. : _bil. ; _c24 cm. |
||
| 504 | _aBibliogr. | ||
| 650 | 9 | _aMarketing polityczny | |
| 650 | 9 |
_aWybory prezydenckie _zEuropa |
|
| 650 | 9 |
_aWybory prezydenckie _zStany Zjednoczone |
|
| 020 | _a8301133260 | ||
| 040 | _cBPK | ||
| 041 | 0 | _apl | |
| 080 | _a324:342.51](4:73) | ||
| 920 | _a83-01-13326-0 | ||
| 942 | _cKS | ||
| 008 | s pl f |000 0 pol | ||
| 999 |
_c38496 _d38496 |
||
| 856 |
_uhttp://koha.tu.koszalin.pl/cgi-bin/koha/opac-detail.pl?biblionumber=38496 _yKatalog online BPK |
||